000 01005nam a2200277 i 4500
001 77733
003 ES-MaACL
005 20250823085846.0
007 t|
008 041105s1994 pr o |||| | spa d
020 _a0-8477-0189-1
080 _a398.332(729.5 Ponce)
080 _a308(729.5 Ponce)
100 1 _aMarín, Ramón.
_976756
245 1 4 _aLas fiestas populares de Ponce /
_cRamón Marín ; ilustrado con el álbum de fotografías, Ponce pintoresco, de José P. Camy ; compilación e introducción, Socorro Girón.
250 _a1ª ed.
260 _aSan Juan de Puerto Rico :
_bUniversidad de Puerto Rico,
_c1994.
300 _a277 p. ;
_c21 x 23 cm.
650 1 4 _aFiestas-
_zPonce (Puerto Rico)
_912784
650 4 _aFolklore-
_zPuerto Rico.
_9154562
700 1 _aCamy, José P.
_934364
700 1 _aGirón, Socorro.
_957268
710 2 _aUniversidad de Puerto Rico
_97273
852 _aES-MaACL
_jE-10256
_z. - Donativo Ateneo Puertorriqueño
999 _c77733
_d77733